Analýza traktorového parku na štátnom majetku ČSSP n.p. Plavecké Podhradie záverečná práca postgraduálneho štúdia

Salvato in:
Dettagli Bibliografici
Autore principale: Lokša, Štefan
Ente Autore: Vysoká škola ekonomická v Bratislave
Altri autori: Fišera, Štefan
Natura: Libro
Lingua:slovacco
Pubblicazione: Bratislava 1987
Tags: Aggiungi Tag
Nessun Tag, puoi essere il primo ad aggiungerne!!

MARC

LEADER 00000nam a2200000 4500
001 c025434
005 20221219094250.1
041 0 |a slo 
044 |a SK 
245 1 0 |a Analýza traktorového parku na štátnom majetku ČSSP n.p. Plavecké Podhradie  |b záverečná práca postgraduálneho štúdia  |c Štefan Lokša ; Ved. práce Štefan Fišera 
264 1 |a Bratislava  |c 1987 
300 |a 38 s. 
100 1 |a Lokša, Štefan 
700 1 |a Fišera, Štefan 
710 2 |a Vysoká škola ekonomická v Bratislave